000 00667 a2200193 4500
999 _c10149
_d10149
020 _aNO ISBN
050 0 0 _aLAW
110 1 _aRhodesia, Southern.
245 1 4 _aThe statute law of Southern Rhodesia, in force on or made before the 30th day of April, 1962.
_cRev. ed. Prepared under the authority of the Revised edition of the laws act, 1962, by Hugh Beadle [and others]
264 _aHarare:
_bMardon Rhodesian Printers,
_c1957
300 _a8 v.
500 _aincludes table of contents
650 _aLaw
651 _aSouthern Rhodesia
700 1 _aBeadle, Hugh.
700 1 _aJarvis,E W G
700 1 _aBosman T.A.T
942 _2lcc
_cSERIALS
_h1.85
_iZIM
_kKTZ